000 00728nam a2200217 a 4500
001 000002019
005 20200929145812.0
008 090630s2008 dr a 000 0 spa d
020 _a9789945408201
040 _aDO-SdBNP
_bspa
_cBNPHU
082 _a158.1
_bS717h
100 1 _aSotero Cabrera, Jhon,
_d1947-
_96520
245 1 0 _aHo'oponopono :
_btécnica de sanación /
_cJhon Sotero Cabrera.
260 _aSanto Domingo :
_bArgos,
_c2008.
300 _a127 p. :
_bil. ;
_c22 cm.
500 _aIncluye datos biográficos del autor en la solapa de la cubierta
504 _aBibliografía : p. 126
590 _aInventariado, 2018/MFF
650 7 _aTécnicas de autoayuda
_2SEARS
_9387
910 _aValidado. Control de calidad MFF
999 _c1884
_d1884